| 000 | 00344nam a2200097Ia 4500 | ||
|---|---|---|---|
| 082 | _a322.42092|LAGU | ||
| 245 | 0 | _aIn the dark with my dress on fire : my life in Cape Town, London, Havana and home again | |
| 100 |
_a La Guma, Blanche Auckland Park, South Africa, 2010 _948074 |
||
| 942 | _cBK | ||
| 008 | 210817s9999 xx 000 0 und d | ||
| 999 |
_c156766 _d156764 |
||